[Event "Senta Fantastico op 02"]
[Site "Senta"]
[Date "2024.02.26"]
[Round "8"]
[White "Grozdanovic, Anastasia"]
[Black "Mesic, Ismet"]
[Result "1-0"]
[WhiteElo "2051"]
[BlackElo "2232"]
[PlyCount "61"]
[EventDate "2024.02.22"]
[EventType "swiss"]
[EventRounds "9"]
[EventCountry "SRB"]
[SourceTitle "CB10_2024"]
[SourceDate "2024.03.06"]
[SourceVersion "1"]
[SourceVersionDate "2024.03.06"]
[SourceQuality "1"]

1. d4 d5 2. c4 e6 3. Nc3 Nf6 4. cxd5 exd5 5. Bf4 c6 6. e3 Bf5 7. f3 Bd6 8. g4 Bc8 9. Nge2 a5 10. h4 b5 11. Rc1 Ba6 12. Bh3 Ra7 13. Ng3 Bxf4 14. exf4 0-0 15. g5 Ne8 16. Bf5 Qc7 17. Qd2 Nd6 18. Nxd5 Qd8 19. Ne3 Re8 20. Kf2 Nxf5 21. Nexf5 Bc8 22. Rhe1 Be6 23. h5 Rd7 24. Qe3 Rd5 25. h6 gxh6 26. Nxh6+ Kf8 27. Nh5 Rxd4 28. Nf6 Qd6 29. Nxe8 Kxe8 30. Nf5 Rd2+ 31. Kg3 1-0

[Event "Pozarevac Rudar IM 02"]
[Site "Pozarevac"]
[Date "2024.02.14"]
[Round "8"]
[White "Mesic, Ismet"]
[Black "Bryakin, Mikhail"]
[Result "1-0"]
[WhiteElo "2232"]
[BlackElo "2479"]
[PlyCount "91"]
[EventDate "2024.02.08"]
[EventType "tourn"]
[EventRounds "9"]
[EventCountry "SRB"]
[SourceTitle "CB08_2024"]
[SourceDate "2024.02.21"]
[SourceVersion "1"]
[SourceVersionDate "2024.02.21"]
[SourceQuality "1"]

1. d4 e6 2. Nf3 Nf6 3. c4 b6 4. Nc3 Bb4 5. Bd2 Bb7 6. e3 Bxc3 7. Bxc3 Ne4 8. Rc1 Nxc3 9. Rxc3 d6 10. Be2 Nd7 11. 0-0 0-0 12. Nd2 a5 13. Bf3 Qc8 14. Bxb7 Qxb7 15. Qf3 Qxf3 16. Nxf3 f6 17. Rcc1 a4 18. Nd2 Kf7 19. Nb1 Ra5 20. Nc3 c6 21. Rfd1 Ke7 22. Rc2 h5 23. f3 h4 24. g3 hxg3 25. hxg3 Rh8 26. Rh2 Rxh2 27. Kxh2 b5 28. cxb5 cxb5 29. Kg2 Nb6 30. Kf2 b4 31. Ne2 Rh5 32. b3 Rh2+ 33. Ke1 a3 34. e4 d5 35. Rc1 e5 36. dxe5 Nd7 37. exf6+ gxf6 38. exd5 Ne5 39. Kd2 Nxf3+ 40. Ke3 Ne5 41. Rc7+ Kd6 42. Rb7 Kc5 43. d6 Rh1 44. d7 Rd1 45. Nf4 Rd6 46. d8Q 1-0

[Event "Sarajevo Agentlocator"]
[Site "Sarajevo"]
[Date "2023.12.23"]
[Round "7"]
[White "Mesic, Ismet"]
[Black "Maksimovic, Bojan"]
[Result "1-0"]
[WhiteElo "2270"]
[BlackElo "2497"]
[PlyCount "91"]
[EventDate "2023.12.22"]
[EventType "tourn (rapid)"]
[EventRounds "11"]
[EventCountry "BIH"]
[EventCategory "6"]
[SourceTitle "CB52_2023"]
[SourceDate "2023.12.27"]
[SourceVersion "1"]
[SourceVersionDate "2023.12.27"]
[SourceQuality "1"]

1. d4 d5 2. c4 e5 3. dxe5 d4 4. Nf3 Nc6 5. g3 Nge7 6. Bg2 Ng6 7. 0-0 Ngxe5 8. Nxe5 Nxe5 9. Qb3 Be7 10. Bf4 Nc6 11. Rd1 0-0 12. Nc3 Bd6 13. Bxd6 Qxd6 14. Nb5 Qe7 15. Bxc6 bxc6 16. Nxd4 Bh3 17. Qf3 c5 18. Nc2 Rad8 19. Ne3 Rd4 20. Nd5 Qd7 21. Rxd4 cxd4 22. Rd1 c6 23. Nb4 c5 24. Nd5 Re8 25. Qa3 Rxe2 26. Nf4 Re5 27. Nxh3 Qxh3 28. Qxa7 f6 29. Qa8+ Kf7 30. Qf3 Qe6 31. Kg2 g5 32. b3 Kg7 33. h3 Qe7 34. b4 Qe6 35. bxc5 Qxc4 36. c6 Rc5 37. a3 Rxc6 38. Rxd4 Qe6 39. Re4 Qd6 40. Re3 Rc7 41. Rd3 Qe5 42. Rb3 Qe7 43. a4 Ra7 44. a5 Kg6 45. a6 Qe6 46. Ra3 1-0

[Event "Wch U16"]
[Site "Montesilvano"]
[Date "2023.11.20"]
[Round "7"]
[White "Mesic, Ismet"]
[Black "Rohit, S3."]
[Result "1-0"]
[WhiteElo "2318"]
[BlackElo "2223"]
[PlyCount "35"]
[EventDate "2023.11.13"]
[EventType "swiss"]
[EventRounds "11"]
[EventCountry "ITA"]
[SourceTitle "CB48_2023"]
[SourceDate "2023.11.29"]
[SourceVersion "1"]
[SourceVersionDate "2023.11.29"]
[SourceQuality "1"]

1. f4 d5 2. Nf3 Nf6 3. e3 Bf5 4. b3 e6 5. Bb2 Be7 6. Be2 c5 7. 0-0 Nc6 8. Bb5 Qb6 9. Bxc6+ bxc6 10. Nc3 0-0 11. Ne5 h5 12. Na4 Qb5 13. c4 Qa6 14. Ba3 Ne4 15. d3 Nc3 16. Nxc3 Qxa3 17. e4 Bg4 18. Qc2 1-0

[Event "SRB-chT Premier"]
[Site "Bajina Basta"]
[Date "2023.09.27"]
[Round "10.3"]
[White "Mesic, Ismet"]
[Black "Indjic, Aleksandar"]
[Result "0-1"]
[WhiteElo "2271"]
[BlackElo "2606"]
[PlyCount "78"]
[EventDate "2023.09.18"]
[EventType "team-tourn"]
[EventRounds "11"]
[EventCountry "SRB"]
[SourceTitle "EXT 2024"]
[Source "ChessBase"]
[SourceDate "2023.10.10"]
[SourceVersion "1"]
[SourceVersionDate "2023.10.10"]
[SourceQuality "1"]
[WhiteTeam "Petrovaradin Kraljica"]
[BlackTeam "Ruma Sloven"]
[WhiteTeamCountry "SRB"]
[BlackTeamCountry "SRB"]

1. b3 e5 2. Bb2 Nc6 3. c4 Nf6 4. e3 d5 5. cxd5 Nxd5 6. a3 a6 7. Qc2 Bd6 8. Nf3 Qe7 9. d3 f5 10. Nbd2 Bd7 11. Be2 b5 12. h4 0-0 13. Ng5 h6 14. Bf3 Ndb4 15. axb4 Nxb4 16. Qb1 hxg5 17. hxg5 c6 18. Ke2 Qxg5 19. Rh5 Qf6 20. Qh1 Kf7 21. Bc3 a5 22. g4 fxg4 23. Bg2 Bf5 24. Ne4 Bxe4 25. Bxe4 g6 26. Rh6 Nd5 27. Rxg6 Nxc3+ 28. Ke1 Nxe4 29. Qh7+ Ke8 30. Rxf6 Nxf6 31. Qb7 Rb8 32. Qxc6+ Ke7 33. Kf1 Rfc8 34. Qa6 g3 35. Rxa5 Rc1+ 36. Kg2 gxf2 37. Kxf2 Rc2+ 38. Kf3 Rh8 39. Qb7+ Ke6 0-1

[Event "SRB-chT Premier"]
[Site "Bajina Basta"]
[Date "2023.09.19"]
[Round "2.6"]
[White "Ter Sahakyan, Samvel"]
[Black "Mesic, Ismet"]
[Result "1-0"]
[WhiteElo "2614"]
[BlackElo "2271"]
[PlyCount "129"]
[EventDate "2023.09.18"]
[EventType "team-tourn"]
[EventRounds "11"]
[EventCountry "SRB"]
[SourceTitle "EXT 2024"]
[Source "ChessBase"]
[SourceDate "2023.10.10"]
[SourceVersion "1"]
[SourceVersionDate "2023.10.10"]
[SourceQuality "1"]
[WhiteTeam "Elemir Naftagas"]
[BlackTeam "Petrovaradin Kraljica"]
[WhiteTeamCountry "SRB"]
[BlackTeamCountry "SRB"]

1. d4 Nf6 2. c4 e6 3. Nf3 d5 4. Nc3 dxc4 5. e4 b5 6. e5 Nd5 7. Nxb5 Nb6 8. Be2 Nc6 9. 0-0 Be7 10. Be3 0-0 11. Qb1 Rb8 12. Nc3 Nd5 13. Nxd5 exd5 14. b3 Ba3 15. Qc2 Nb4 16. Qc3 Bf5 17. Bc1 Bxc1 18. Rfxc1 cxb3 19. axb3 Rb7 20. Qd2 c6 21. Rc5 h6 22. h3 Be4 23. Ra4 Qb6 24. Nh2 Rfb8 25. Ng4 Qd8 26. Rc3 Qg5 27. Qd1 Kh8 28. Ra1 h5 29. Ne3 g6 30. Qf1 Qf4 31. g3 Qg5 32. h4 Qh6 33. Kh2 Rg8 34. f3 Bf5 35. Qf2 Be6 36. f4 Qh7 37. Bd1 f5 38. Qd2 Qe7 39. Rc5 Rgb8 40. Be2 Rb6 41. Rca5 R6b7 42. Qc3 Kg7 43. Kg2 Kg8 44. Kf2 Kf8 45. Qc5 Qxc5 46. Rxc5 Rc7 47. Ke1 Rb6 48. Kd2 Ke7 49. Kc3 Rcb7 50. Ra3 Bc8 51. Rca5 a6 52. Bxa6 Rc7 53. Be2 Be6 54. Ra7 Rbb7 55. Rxb7 Rxb7 56. Ra5 Rb6 57. Bb5 Rxb5 58. Rxb5 Na2+ 59. Kb2 cxb5 60. Kxa2 Kd7 61. Ka3 Kc7 62. Kb4 Kb6 63. Nd1 Bd7 64. Nc3 Bc6 65. e6 1-0

[Event "Titled Tuesday intern op 10th Jan Early"]
[Site "Chess.com INT"]
[Date "2023.01.10"]
[Round "1"]
[White "Durarbayli, Vasif"]
[Black "Mesic, Ismet"]
[Result "1-0"]
[WhiteElo "2618"]
[BlackElo "2190"]
[PlyCount "39"]
[EventDate "2023.01.10"]
[EventType "swiss (blitz)"]
[EventRounds "11"]
[EventCountry "USA"]
[SourceTitle "EXT 2024"]
[Source "ChessBase"]
[SourceDate "2023.10.10"]
[SourceVersion "1"]
[SourceVersionDate "2023.10.10"]
[SourceQuality "1"]

1. e4 c6 2. d4 d5 3. exd5 cxd5 4. c4 Nf6 5. Nc3 Nc6 6. Nf3 Bg4 7. cxd5 Nxd5 8. Qb3 Bxf3 9. gxf3 e6 10. Qxb7 Nxd4 11. Bb5+ Nxb5 12. Qc6+ Ke7 13. Qc5+ Nd6 14. Nxd5+ exd5 15. 0-0 Rc8 16. Qxd5 Kd7 17. Rd1 Kc7 18. Bf4 Qf6 19. Rac1+ Kd7 20. Qb5+ 1-0